000 01635cam a2200229 4500
001 ABS63653
008 000000n2001 000 0 eng u
035 _a(Sirsi) u111525
100 _aWilliams, B.
245 _aBespoke tailors take scissors to red tape
260 _c2001
490 _aEstates Gazette
_v(0111) 17 March 2001, 162-163(2)
520 _aLooks at the role of private sector, DETR-approved building inspectors and the benefits of the services they can offer property developers. Originally, local authorities had sole responsibility for building control. However, since 1977 several companies have been awarded Corporate Approval Inspector (CAI) status for commercial projects. In order to compete with the public sector, private sector inspectors offer competitive rates and greater efficiency. Approved inspectors give advice on all forms of property legislation which may affect each stage of the development process. They smooth the route to compliance with Building Regulations for developers. Among the additional services they can offer are fire authority consultation, and negotiation with local authorities or licensing bodies. Considers a hypothetical case study, which illustrates the work of the CAI team, includes an example of a CAI progress chart, and looks at planned changes to legislation that may affect building control.
590 _aABS
650 _aCORPORATE APPROVED INSPECTORS
650 _aBUILDING CONTROL
_96222
650 _aPROPERTY DEVELOPERS
650 _aREGULATIONS
650 _aBUILDING ACT 1984
690 _aBUILT ENVIRONMENT-BUILDING STANDARDS
942 _n0
999 _c66461
_d66461